000 00552nam a2200181Ia 4500
003 GCL
008 140319s9999 xx 000 0 ara d
040 _aGCL /
_cGCL
082 0 4 _a629.254
_bف ص
100 1 _aفاروق محمد العامرى
245 1 0 _aصيانة واصلاح كهرباء السيارات /
_cفاروق محمد العامرى
260 _a[S.N] :
_bالدار المصرية اللبنانية ،
_c1993
300 _a238 ص
490 _a
650 0 4 _aالسيارات
650 0 4 _aالصيانة
942 _2ddc
_cBK
999 _c54695
_d54695